Německo-české reflexe na pozadí jazyka, literatury a didaktiky /

Další autoři: Heinrichová, Naděžda, 1969-, Ondráková, Jana, 1956-, Fritz, Thomas A., 1965-
Jazyk: Němčina
Čeština
Vydáno: Červený Kostelec : Pavel Mervart, 2011
Témata:
Fyzický popis: 167 s. ; 20 cm
Language note: Část. souběžný německý text, anglické resumé
Knihy
Uloženo v:
LEADER 02583nam a2200721 a 4500
001 nkc20112265140
003 CZ PrNK
005 20120601121628.0
007 ta
008 111213s2011 xr f 001 0dcze
015 |a cnb002265140 
020 |a 978-80-87378-97-7  |q (váz.) 
035 |a (OCoLC)776512247 
040 |a ABA001  |b cze 
041 1 |a cze  |a ger  |b eng  |h ger 
043 |a e-xr---  |a e-gx--- 
045 |a y0y0 
072 7 |a 80  |x Filologie  |2 Konspekt  |9 11 
080 |a 811.112.2  |2 MRF 
080 |a 821.112.2  |2 MRF 
080 |a 811.162.3  |2 MRF 
080 |a 821.162.3  |2 MRF 
080 |a 81'1  |2 MRF 
080 |a 373/378  |2 MRF 
080 |a 37.014.5  |2 MRF 
080 |a (437.3)  |2 MRF 
080 |a (430)  |2 MRF 
080 |a (048.8)  |2 MRF 
080 |a (048.8:082)  |2 MRF 
245 0 0 |a Německo-české reflexe na pozadí jazyka, literatury a didaktiky /  |c Naděžda Heinrichová, Jana Ondráková, Thomas A. Fritz (eds.) 
260 |a Červený Kostelec :  |b Pavel Mervart,  |c 2011 
300 |a 167 s. ;  |c 20 cm 
504 |a Obsahuje bibliografie, bibliografické odkazy a rejstřík 
546 |a Část. souběžný německý text, anglické resumé 
648 7 |a 2001-2010  |7 ch460588  |2 czenas 
650 0 7 |a němčina  |7 ph115512  |2 czenas 
650 0 7 |a německá literatura  |7 ph117246  |2 czenas 
650 0 7 |a čeština  |7 ph135292  |2 czenas 
650 0 7 |a česká literatura  |7 ph116858  |2 czenas 
650 0 7 |a lingvistika  |7 ph115153  |z Německo  |2 czenas 
650 0 7 |a lingvistika  |7 ph115153  |z Česko  |2 czenas 
650 0 7 |a školy  |7 ph116830  |2 czenas 
650 0 7 |a vzdělávací politika  |7 ph127308  |z Česko  |y 2001-2010  |2 czenas 
650 0 9 |a German language  |2 eczenas 
650 0 9 |a German literature  |2 eczenas 
650 0 9 |a Czech language  |2 eczenas 
650 0 9 |a Czech literature  |2 eczenas 
650 0 9 |a linguistics  |z Germany  |2 eczenas 
650 0 9 |a linguistics  |z Czechia  |2 eczenas 
650 0 9 |a schools  |2 eczenas 
650 0 9 |a educational policy  |z Czechia  |y 2001-2010  |2 eczenas 
655 7 |a srovnávací studie  |7 fd133583  |2 czenas 
655 7 |a kolektivní monografie  |7 fd501537  |2 czenas 
655 9 |a comparative studies  |2 eczenas 
655 9 |a collective monographs  |2 eczenas 
700 1 |a Heinrichová, Naděžda,  |d 1969-  |7 mzk2011626104  |4 edt 
700 1 |a Ondráková, Jana,  |d 1956-  |7 mzk2007382254  |4 edt 
700 1 |a Fritz, Thomas A.,  |d 1965-  |7 jo2011674182  |4 edt 
910 2 |a BOA001  |b 1-1287.051 
990 |a BK 
995 |a 01 
991 |b 201206  |c NOV  |e n 
996 6 |b 2610511479  |c 1-1287.051  |l MZK  |r Sklad / do 1 hodiny  |n 2  |p p.v.  |w 001250207  |u 000010  |a 1  |e BOA001  |j MZK50  |s P